[Event "EU-chT (Men) 15th"]
[Site "Gothenburg"]
[Date "2005.07.31"]
[Round "2.3"]
[White "Tikkanen, Hans"]
[Black "Lputian, Smbat G"]
[Result "0-1"]
[WhiteElo "2316"]
[BlackElo "2629"]
[PlyCount "54"]
[EventDate "2005.07.30"]
[EventType "team-swiss"]
[EventRounds "9"]
[EventCountry "SWE"]
[SourceTitle "CBM 109"]
[Source "ChessBase"]
[SourceDate "2005.11.14"]
[SourceVersion "1"]
[SourceVersionDate "2005.11.14"]
[SourceQuality "1"]
[WhiteTeam "Sweden III"]
[BlackTeam "Armenia"]
[WhiteTeamCountry "SWE"]
[BlackTeamCountry "ARM"]

1. d4 Nf6 2. c4 g6 3. Nc3 d5 4. Nf3 Bg7 5. Bg5 Ne4 6. cxd5 Nxg5 7. Nxg5 e6 8. Qd2 h6 9. Nf3 exd5 10. e3 0-0 11. Be2 Qd6 12. 0-0 c6 13. Ne1 Bf5 14. Nd3 Nd7 15. Na4 b6 16. Rac1 Rac8 17. b4 h5 18. Rc2 Rfe8 19. Rfc1 Nf6 20. Qc3 Ng4 21. Bxg4 hxg4 22. Nab2 Bf6 23. Qb3 Kg7 24. Qa4 Rh8 25. f4 gxf3 26. gxf3 Rh3 27. Rf1 Qe7 0-1

[Event "EU-chT (Men) 15th"]
[Site "Gothenburg"]
[Date "2005.07.30"]
[Round "1.3"]
[White "Lputian, Smbat G"]
[Black "Kveinys, Aloyzas"]
[Result "1/2-1/2"]
[WhiteElo "2629"]
[BlackElo "2510"]
[PlyCount "101"]
[EventDate "2005.07.30"]
[EventType "team-swiss"]
[EventRounds "9"]
[EventCountry "SWE"]
[SourceTitle "CBM 109"]
[Source "ChessBase"]
[SourceDate "2005.11.14"]
[SourceVersion "1"]
[SourceVersionDate "2005.11.14"]
[SourceQuality "1"]
[WhiteTeam "Armenia"]
[BlackTeam "Lithuania"]
[WhiteTeamCountry "ARM"]
[BlackTeamCountry "LTU"]

1. d4 Nf6 2. c4 e6 3. Nf3 d5 4. Nc3 Nbd7 5. Bg5 c6 6. e3 Qa5 7. cxd5 Nxd5 8. Qd2 Bb4 9. Rc1 h6 10. Bh4 c5 11. a3 Bxc3 12. bxc3 b6 13. c4 Qxd2+ 14. Nxd2 Ne7 15. f3 Nf5 16. Bf2 Nd6 17. Be2 Ba6 18. 0-0 Ke7 19. Rc2 Rhc8 20. Rfc1 Nb7 21. Nb3 Nd8 22. Kf1 f6 23. Bg3 Bb7 24. Bd3 Bc6 25. Rb2 Nb7 26. h4 Rd8 27. Be2 Rac8 28. Bf2 Ba4 29. Nd2 Nb8 30. Ne4 Be8 31. Nxc5 Nxc5 32. dxc5 Rxc5 33. e4 Rc7 34. c5 Nd7 35. Rbc2 Nxc5 36. Bxc5+ bxc5 37. Rxc5 Rb7 38. Rc7+ Rd7 39. Rxb7 Rxb7 40. Rc5 e5 41. Ra5 g5 42. hxg5 hxg5 43. Bc4 Rc7 44. Bd5 Bd7 45. Kf2 Rc2+ 46. Kg3 Rc7 47. Ra6 Bc8 48. Ra4 Bd7 49. Ra5 Kd6 50. Bb3 Ke7 51. Bd5 1/2-1/2

[Event "EU-ch 6th"]
[Site "Warsaw"]
[Date "2005.06.27"]
[Round "9"]
[White "Williams, Simon Kim"]
[Black "Lputian, Smbat G"]
[Result "0-1"]
[WhiteElo "2466"]
[BlackElo "2640"]
[PlyCount "104"]
[EventDate "2005.06.18"]
[EventType "swiss"]
[EventRounds "13"]
[EventCountry "POL"]
[SourceTitle "CBM 108"]
[Source "ChessBase"]
[SourceDate "2005.09.26"]
[SourceVersion "1"]
[SourceVersionDate "2005.09.26"]
[SourceQuality "1"]

1. d4 e6 2. c4 d5 3. Nc3 Nf6 4. Nf3 Nbd7 5. Bf4 dxc4 6. e3 Nd5 7. Bxc4 Nxf4 8. exf4 Bd6 9. Ne5 0-0 10. Qc2 c5 11. Ne4 Qa5+ 12. Kf1 Be7 13. h4 cxd4 14. Ng5 Bxg5 15. hxg5 g6 16. Qe4 Nxe5 17. fxe5 Bd7 18. Re1 Rac8 19. Qh4 h5 20. gxh6 Qd8 21. h7+ Kh8 22. Bd3 Qxh4 23. Rxh4 Bc6 24. g4 Bf3 25. g5 Kg7 26. Rf4 Bc6 27. Ke2 Rh8 28. Rxd4 Rxh7 29. Rg1 Rh2 30. Rgg4 Rh1 31. Rh4 Rg1 32. Rdg4 Ra1 33. a3 Bd5 34. Rh3 Ra2 35. Rb4 a5 36. Rb5 a4 37. Ke3 Rc1 38. Rh4 Re1+ 39. Kd2 Raa1 40. Ra5 Rad1+ 41. Kc2 Bb3+ 42. Kc3 Rg1 43. Be2 Rc1+ 44. Kb4 Rc8 45. Bb5 Rxg5 46. Bxa4 Bd5 47. f4 Rc4+ 48. Kb5 Rxe5 49. Bb3 Bc6+ 50. Kxc4 Rxa5 51. Bc2 Rh5 52. Rg4 f5 0-1

[Event "EU-ch 6th"]
[Site "Warsaw"]
[Date "2005.06.26"]
[Round "8"]
[White "Lputian, Smbat G"]
[Black "Mista, Aleksander"]
[Result "0-1"]
[WhiteElo "2640"]
[BlackElo "2497"]
[PlyCount "76"]
[EventDate "2005.06.18"]
[EventType "swiss"]
[EventRounds "13"]
[EventCountry "POL"]
[SourceTitle "CBM 108"]
[Source "ChessBase"]
[SourceDate "2005.09.26"]
[SourceVersion "1"]
[SourceVersionDate "2005.09.26"]
[SourceQuality "1"]

1. d4 d5 2. Nf3 Nf6 3. e3 e6 4. Bd3 Nbd7 5. 0-0 Bd6 6. Nbd2 0-0 7. c4 b6 8. b3 Bb7 9. Bb2 Qe7 10. Ne5 Rfd8 11. f4 Ne4 12. cxd5 exd5 13. Bxe4 dxe4 14. Qc2 Nf6 15. Nc6 Bxc6 16. Qxc6 Qe6 17. Nc4 Nd5 18. a4 a6 19. Nxd6 Qxd6 20. Qxd6 cxd6 21. Kf2 Rac8 22. Rfc1 Nb4 23. Rxc8 Rxc8 24. Ba3 Nd3+ 25. Kg3 Rc3 26. Bxd6 Rc6 27. Bb8 Rg6+ 28. Kh4 Rxg2 29. f5 Rf2 30. Kg4 Rf3 31. Bg3 Rxe3 32. b4 Rf3 33. b5 axb5 34. axb5 h5+ 35. Kg5 Kh7 36. Be5 e3 37. f6 gxf6+ 38. Bxf6 e2 0-1

[Event "EU-ch 6th"]
[Site "Warsaw"]
[Date "2005.06.25"]
[Round "7"]
[White "Kurnosov, Igor"]
[Black "Lputian, Smbat G"]
[Result "1-0"]
[WhiteElo "2550"]
[BlackElo "2640"]
[PlyCount "81"]
[EventDate "2005.06.18"]
[EventType "swiss"]
[EventRounds "13"]
[EventCountry "POL"]
[SourceTitle "CBM 108"]
[Source "ChessBase"]
[SourceDate "2005.09.26"]
[SourceVersion "1"]
[SourceVersionDate "2005.09.26"]
[SourceQuality "1"]

1. e4 e6 2. d4 d5 3. Nc3 Bb4 4. e5 Ne7 5. a3 Bxc3+ 6. bxc3 c5 7. Qg4 Kf8 8. Bd2 b6 9. a4 Ba6 10. Bb5 Qc7 11. Ne2 cxd4 12. cxd4 Bxb5 13. axb5 Qc4 14. 0-0 Nd7 15. Qf3 Nf5 16. Qd3 Qxd3 17. Bb4+ Ke8 18. cxd3 f6 19. f4 Nb8 20. Rac1 Kd7 21. g4 Ne3 22. Rf3 Nxg4 23. Rg3 f5 24. h3 h5 25. hxg4 hxg4 26. Bd6 Rc8 27. Rg2 a6 28. Rxc8 Kxc8 29. Nc3 axb5 30. Rc2 Nc6 31. Nxd5 Kb7 32. Nb4 Rc8 33. d5 Nxb4 34. Rxc8 Kxc8 35. Bxb4 exd5 36. Kf2 Kd7 37. Ke3 Ke6 38. d4 Kd7 39. Be1 Ke6 40. Kd3 g5 41. Bg3 1-0

[Event "EU-ch 6th"]
[Site "Warsaw"]
[Date "2005.06.23"]
[Round "6"]
[White "Hulak, Krunoslav"]
[Black "Lputian, Smbat G"]
[Result "0-1"]
[WhiteElo "2534"]
[BlackElo "2640"]
[PlyCount "62"]
[EventDate "2005.06.18"]
[EventType "swiss"]
[EventRounds "13"]
[EventCountry "POL"]
[SourceTitle "CBM 108"]
[Source "ChessBase"]
[SourceDate "2005.09.26"]
[SourceVersion "1"]
[SourceVersionDate "2005.09.26"]
[SourceQuality "1"]

1. d4 d5 2. c4 e6 3. Nc3 Be7 4. Nf3 Nf6 5. Bf4 0-0 6. e3 Nbd7 7. a3 c5 8. cxd5 Nxd5 9. Nxd5 exd5 10. dxc5 Nxc5 11. Be5 Bf5 12. Be2 Qb6 13. 0-0 Qg6 14. Nd4 Be4 15. Bg3 Bf6 16. Rc1 Nd3 17. Bxd3 Bxd3 18. Re1 h5 19. Rc3 Be4 20. f3 h4 21. Bf2 Bxd4 22. exd4 h3 23. g4 Bf5 24. Re5 Be6 25. Qf1 f5 26. Rce3 Rae8 27. Qxh3 fxg4 28. Qg3 Rf6 29. fxg4 Ref8 30. Be1 Bxg4 31. Qg2 Bh3 0-1

[Event "EU-ch 6th"]
[Site "Warsaw"]
[Date "2005.06.20"]
[Round "3"]
[White "Lputian, Smbat G"]
[Black "Urban, Klaudiusz"]
[Result "1-0"]
[WhiteElo "2640"]
[BlackElo "2497"]
[PlyCount "73"]
[EventDate "2005.06.18"]
[EventType "swiss"]
[EventRounds "13"]
[EventCountry "POL"]
[SourceTitle "CBM 108"]
[Source "ChessBase"]
[SourceDate "2005.09.26"]
[SourceVersion "1"]
[SourceVersionDate "2005.09.26"]
[SourceQuality "1"]

1. d4 d6 2. Nf3 Nf6 3. c4 c6 4. Nc3 Nbd7 5. e4 e5 6. Be2 Be7 7. 0-0 a6 8. Rb1 0-0 9. b4 b5 10. Qc2 Bb7 11. Be3 exd4 12. Nxd4 g6 13. Rfd1 Re8 14. Nb3 Qc7 15. Rbc1 bxc4 16. Na5 d5 17. exd5 cxd5 18. Nxb7 Qxb7 19. Bf3 Nb6 20. Rb1 Bf8 21. Bd4 Qc6 22. a4 Rab8 23. b5 axb5 24. Rxb5 Bg7 25. h3 Qd6 26. Qb2 Nbd7 27. Nxd5 Rxb5 28. axb5 Ne5 29. Nxf6+ Bxf6 30. Be2 Nd3 31. Bxf6 Rxe2 32. Qxe2 Qxf6 33. Rb1 Qb6 34. Qe3 Qxe3 35. fxe3 c3 36. b6 c2 37. Ra1 1-0

[Event "RUS-chT Clubs"]
[Site "Sochi"]
[Date "2005.04.24"]
[Round "6"]
[White "Lputian, Smbat G"]
[Black "Kolesnikov, Evgeny"]
[Result "1-0"]
[WhiteElo "2640"]
[BlackElo "2328"]
[PlyCount "69"]
[EventDate "2005.04.19"]
[EventType "team"]
[EventRounds "9"]
[EventCountry "RUS"]
[SourceTitle "EXT 2006"]
[Source "ChessBase"]
[SourceDate "2005.11.24"]
[SourceVersion "1"]
[SourceVersionDate "2005.11.24"]
[SourceQuality "1"]

1. d4 d5 2. c4 e6 3. Nf3 c6 4. e3 Nf6 5. Bd3 Nbd7 6. 0-0 dxc4 7. Bxc4 b5 8. Bd3 a6 9. a4 Bb7 10. e4 Be7 11. Qe2 0-0 12. e5 Nd5 13. Qe4 g6 14. Bh6 Re8 15. Nbd2 Qb6 16. a5 Qc7 17. Rfc1 c5 18. Qg4 Qb8 19. h4 cxd4 20. Qxd4 Qa7 21. Qg4 Nb4 22. Bb1 Rac8 23. Rc3 Qb8 24. h5 Nxe5 25. Nxe5 Qxe5 26. hxg6 f5 27. Qh5 Bc5 28. Be4 Bxe4 29. Nxe4 Qxe4 30. gxh7+ Kh8 31. Rxc5 Qd4 32. Rac1 Qd7 33. Rxc8 Rxc8 34. Rxc8+ Qxc8 35. Qf7 1-0

[Event "RUS-chT Clubs"]
[Site "Sochi"]
[Date "2005.04.23"]
[Round "5"]
[White "Rychagov, Andrey"]
[Black "Lputian, Smbat G"]
[Result "1/2-1/2"]
[WhiteElo "2525"]
[BlackElo "2640"]
[PlyCount "81"]
[EventDate "2005.04.19"]
[EventType "team"]
[EventRounds "9"]
[EventCountry "RUS"]
[SourceTitle "EXT 2006"]
[Source "ChessBase"]
[SourceDate "2005.11.24"]
[SourceVersion "1"]
[SourceVersionDate "2005.11.24"]
[SourceQuality "1"]

1. d4 e6 2. c4 d5 3. Nf3 Nf6 4. Nc3 Be7 5. Bg5 h6 6. Bh4 0-0 7. e3 b6 8. Bd3 Bb7 9. 0-0 Nbd7 10. Bg3 c5 11. Qe2 Ne4 12. cxd5 exd5 13. Rfd1 Nxg3 14. hxg3 c4 15. Bc2 Re8 16. Ne5 Nxe5 17. dxe5 Bc5 18. f4 b5 19. Kh2 f6 20. Qh5 fxe5 21. Qf5 exf4 22. exf4 Qd6 23. Qh7+ Kf7 24. Ne4 Rxe4 25. Bxe4 Rd8 26. Bf3 Qg6 27. Qxg6+ Kxg6 28. Re1 Kf6 29. Rad1 Bb4 30. Re2 Rd7 31. Re8 Re7 32. Rxe7 Bxe7 33. Kg1 c3 34. b3 Bc5+ 35. Kf1 Ba6 36. Be2 Bc8 37. Bd3 Be6 38. Ke2 Bg4+ 39. Kf1 Be6 40. Ke2 Bg4+ 41. Kf1 1/2-1/2